Antología poética / (Registro nro. 6475)

Detalles MARC
000 -LEADER
fixed length control field 01175nam a22002537a 4500
003 - CONTROL NUMBER IDENTIFIER
control field OSt
005 - DATE AND TIME OF LATEST TRANSACTION
control field 20250702091459.0
008 - FIXED-LENGTH DATA ELEMENTS--GENERAL INFORMATION
fixed length control field 200211s2016 ck ||||gr|||| 00| p spa d
020 ## - INTERNATIONAL STANDARD BOOK NUMBER
International Standard Book Number 9789587724417
040 ## - CATALOGING SOURCE
Original cataloging agency CO-JMCR
Transcribing agency CO-JMCR
041 0# - LANGUAGE CODE
Language code of text/sound track or separate title spa
082 ## - DEWEY DECIMAL CLASSIFICATION NUMBER
Classification number A-P
Item number PINa
100 1# - MAIN ENTRY--PERSONAL NAME
Personal name Pinzón Warlosten, Nicolás,
Relator term autor
9 (RLIN) 372
245 10 - TITLE STATEMENT
Title Antología poética /
Statement of responsibility, etc. Nicolás Pinzón Warlosten y Santiago Pérez
250 ## - EDITION STATEMENT
Edition statement Primera edición
260 ## - PUBLICATION, DISTRIBUTION, ETC.
Place of publication, distribution, etc. Bogotá ;
Name of publisher, distributor, etc. Universidad Externado de Colombia,
Date of publication, distribution, etc. 2016
300 ## - PHYSICAL DESCRIPTION
Extent 69 páginas ;
Dimensions 15 cm.
490 0# - SERIES STATEMENT
Series statement Un libro por centavos ;
Volume/sequential designation N°.120
500 ## - GENERAL NOTE
General note Incluye datos biográficos de los autores.
505 0# - FORMATTED CONTENTS NOTE
Formatted contents note A Nariño -- Sueños de la media noche -- Epílogo -- En la muerte de gambetta -- Atlas -- Damaetas -- Ante la imagen de cristo aplastando la serpiente -- La última esperanza -- La religión verdadera -- La flor deshojada -- Suspiros -- My soul is dark -- La rosa marchita -- La última plegaria -- La recompensa -- Cadena -- Educación y ley -- Deber patrio -- El hogar -- La noche en el mar
650 14 - SUBJECT ADDED ENTRY--TOPICAL TERM
Topical term or geographic name entry element Poesía colombiana
9 (RLIN) 373
700 1# - ADDED ENTRY--PERSONAL NAME
Personal name Pérez, Santiago,
Relator term autor
9 (RLIN) 374
942 ## - ADDED ENTRY ELEMENTS (KOHA)
Source of classification or shelving scheme Dewey Decimal Classification
Koha item type Books
Existencias
Withdrawn status Lost status Source of classification or shelving scheme Damaged status Not for loan Collection code Home library Current library Shelving location Date acquired Source of acquisition Cost, normal purchase price Total Checkouts Full call number Barcode Date last seen Copy number Price effective from Koha item type
    Dewey Decimal Classification     Non-fiction Biblioteca Pública José María del Castillo y Rada Biblioteca Pública José María del Castillo y Rada Processing Center 12/27/2019 Donación 0.00   A-P PINa 201809855 02/11/2020 Ej.1 02/11/2020 Books